Catàleg de productes / Xarxa de Ciutats i Pobles cap a la Sostenibilitat
Descripción Física:
[7] p. : il. col. ; 30 cm
MARC
| LEADER | 00000nam a2200000Ia 4500 | ||
|---|---|---|---|
| 001 | 21041 | ||
| 008 | 160829s2006 xx 000 0 cat d | ||
| 080 | |a FU-25-21 | ||
| 110 | 2 | |a Xarxa de Ciutats i Pobles cap a la Sostenibilitat |9 53477 | |
| 245 | |a Catàleg de productes / Xarxa de Ciutats i Pobles cap a la Sostenibilitat | ||
| 260 | |a Barcelona : |b Diputació de Barcelona, |c 2006 | ||
| 300 | |a [7] p. : |b il. col. ; |c 30 cm | ||
| 650 | |a Xarxa de Ciutats i Pobles cap a la Sostenibilitat |x Catàlegs |9 44771 | ||
| 710 | 1 | |a Barcelona (Catalunya : Província). |b Diputació |9 52408 | |
| 901 | |a Arxiu | ||
| 942 | |n 1 | ||
| 952 | |0 0 |1 0 |4 0 |6 FU2521 |7 1 |9 52162 |a Arxiu |b Arxiu |d 2016-12-01 |l 0 |o FU-25-21 |p 21041 |r 2016-12-01 00:00:00 |w 2016-12-01 |y ARXIU | ||
| 999 | |c 56010 |d 56010 | ||